000 00701cam a2200205 4500
001 WB3630-14
008 000000n2000 000 0 eng u
035 _a(Sirsi) u107535
245 _aHouse prices level off
260 _c2000
490 _aObserver Cash
_v30 July 2000, 1-5(4)
520 _aSpecial feature on the housing market, focusing on the levelling off of prices, particularly in London. Map of price levels across the UK and table of the highest and lowest increases.
590 _aWB
650 _aHOUSE PRICES
650 _aHOUSING MARKET
650 _aBOOM-BUST CYCLE
650 _aLONDON
690 _aPROPERTY-RESIDENTIAL PROPERTY-RESIDENTIAL PROPERTY MARKET
942 _n0
999 _c64275
_d64275